La vie de Manet / (Record no. 175890)

MARC details
000 -LEADER
campo de control de longitud fija 00688nam a2200229 i 4500
001 - NÚMERO DE CONTROL
campo de control 175890
003 - IDENTIFICADOR DE NÚMERO DE CONTROL
campo de control ES-MaACL
005 - FECHA Y HORA DE LA ÚLTIMA TRANSACCIÓN
campo de control 20250811105830.0
007 - CAMPO FIJO DE DESCRIPCIÓN FÍSICA--INFORMACIÓN GENERAL
campo de control de longitud fija t|
008 - DATOS DE LONGITUD FIJA--INFORMACIÓN GENERAL
campo de control de longitud fija 101129s1928 fr ||||1| fre d
080 ## - NÚMERO DE LA CLASIFICACIÓN DECIMAL UNIVERSAL
Número de la Clasificación Decimal Universal 929 Manet, Edouard
100 1# - ENTRADA PRINCIPAL--NOMBRE DE PERSONA
Nombre de persona Flament, Albert.
9 (RLIN) 51103
245 13 - MENCIÓN DEL TÍTULO
Título La vie de Manet /
Mención de responsabilidad, etc. Albert Flament.
260 ## - PUBLICACIÓN, DISTRIBUCIÓN, ETC.
Lugar de publicación, distribución, etc. Paris :
Nombre del editor, distribuidor, etc. Plon,
Fecha de publicación, distribución, etc. cop. 1928.
300 ## - DESCRIPCIÓN FÍSICA
Extensión 336 p. , [1] h. ;
Dimensiones 19 cm.
490 1# - MENCIÓN DE SERIE
Mención de serie Le roman des grandes existences ;
Designación de volumen o secuencia 18
546 ## - NOTA DE IDIOMA
Nota de lengua/lenguaje Texto en francés.
600 14 - PUNTO DE ACCESO ADICIONAL DE MATERIA--NOMBRE DE PERSONA
Nombre de persona Manet, Édouard,
Fechas asociadas al nombre 1832-1883
9 (RLIN) 75991
830 0# - PUNTO DE ACCESO ADICIONAL DE SERIE-TÍTULO UNIFORME
Título uniforme Le roman des grandes existences ;
Designación de volumen o secuencia 18
9 (RLIN) 183871
852 ## - LOCALIZACIÓN
Ubicación ES-MaACL
Número de control de estantería E-13708
Holdings
Estatus retirado Estado de pérdida Estado de daño No para préstamo Biblioteca de origen Biblioteca actual Ubicación en estantería Fecha de adquisición Fuente de adquisición Total de préstamos Signatura topográfica completa Código de barras Visto por última vez Precio de reemplazo Tipo de ítem Koha
        Biblioteca del Ateneo de Madrid Biblioteca del Ateneo de Madrid Depósito 2 29/11/2010     E-13708 1184706 23/02/2023 23/02/2023 Libro impreso